00461 2200181 4500001002100000005001500021008004100036020001800077035001900095041000700114082000800121090001400129100001300143245004900156260003700205300001800242650001900260INLIS00000000001464220241224114802241224||||||||| | ||| |||| || |  a979-26-2278-2 0010-1224014642 aid0 a420 a420 MAH w0 aMaharani00aWhat Is He Doing?Apa Yang Sedang Dia Lakukan aJakarta TimurbZikrul Kidsc2007 a16hlm;24x20cm 0abahasa inggris